Formación de capacitadores en la administración de la investigación agropecuaria : informe del taller, CIAT, Cali, Colombia, 10-28 de mayo 1993 /
Guardado en:
| Autor Principal: | |
|---|---|
| Formato: | Libro |
| Idioma: | Spanish |
| Publicado: |
La Haya :
ISNAR,
1993.
|
| Etiquetas: |
Agregar Etiqueta
Sin Etiquetas, Sea el primero en etiquetar este registro!
|
| LEADER | 00549nam a22001455a 4500 | ||
|---|---|---|---|
| 001 | EEA.libagro005441 | ||
| 005 | 20180628111754.0 | ||
| 008 | 130809s1993####ne#a##########000#0#spa#d | ||
| 082 | 0 | 4 | |a 630.71 |
| 082 | 0 | 4 | |a 370.76 |
| 100 | 1 | |a Cheaz, Juan. | |
| 245 | 1 | 0 | |a Formación de capacitadores en la administración de la investigación agropecuaria : |b informe del taller, CIAT, Cali, Colombia, 10-28 de mayo 1993 / |c J. Cheaz ... [et al.]. |
| 260 | |a La Haya : |b ISNAR, |c 1993. | ||
| 300 | |a 70 p. : |b il. ; |c 30 cm. | ||
| 859 | |a AR-BbBCA |b BIB. AGRONOMIA |h 630.71 |i C514 |p 1996/2755 | ||
